000 02036cam a22004694i 4500
003 PE-LiUPU
005 20250731173256.0
008 150625s1998 miu rb 000 0 spa d
020 _a0825416078
035 _a(Sirsi) i9780825416071
040 _aPE-LiUPU
_bspa
_cPE-LiUPU
_erda
049 _aPRUA
082 0 4 _a253.5
_bR53
_221
100 1 _aRice, Howard,
_eautor.
245 1 3 _aEl pastor como guía espiritual /
_cHoward Rice.
264 1 _aGrand Rapids, Michigan :
_bEditorial Portavoz,
_c1998.
300 _a176 páginas ;
_c22 centímetros
336 _atext
_2rdacontent
337 _aunmediated
_2rdamedia
338 _avolume
_2rdacarrier
504 _aIncluye bibliografía al pie de algunas páginas.
505 0 _aEl ministerio pastoral como vocación -- Un llamamiento que busca definición -- El contexto espirtual para el ministerio pastoral hoy -- La dirección espiritual como una norma para el ministerio -- El cuidado de las almas como orientación espiritual. La adoración como orientación espiritual -- El cambio social como orientación espiritual. La administración. como orientación espiritual. El pastor como persona: conservemos viva nuestra alma -- La espiritualidad como la autoridad para el ministerio pastoral.
526 _aSEG42
526 _aSEG41
526 _aSEG40
526 _aSEG39
526 _aP94
526 _aP87
526 _aP86
526 _aP85
526 _aP77
526 _aP76
526 _aP35
541 _g001-0001403;
650 0 4 _aMinisterio pastoral.
650 0 4 _aOrientación pastoral.
942 _2ddc
_cBOOK
949 _a253.5 R53
_wDEWEY
_c1
_i55126
_lCCODEBUL1
_mBUL
_p9.00
_r0
_sY
_tBOOK
_u2015-6-25
_xTEOLOGIA
_zUNKNOWN
_0COMPRA
_o.STAFF. Colección General
994 _aC0
_bPEPRU
596 _a1
999 _a253.5 R53
_wDEWEY
_c43749
_i55126
_d43749
_e2017-10-3
_f2021-11-10
_g5
_lCCODEBUL1
_mBUL
_n2
_p9.00
_q2
_r0
_sY
_tBOOK
_u2015-6-25
_xTEOLOGIA
_PP35
_0COMPRA
_o.STAFF. Colección Teología
980 _81
_gALBERTO SANCHEZ Responsable de Automatización